00692nam a2200229 a 450000100060000000300080000600500170001400800410003103500190007204000350009104100080012608200270013410000220016124500850018325000130026826000540028130000320033550000190036765000180038665000320040470000260043653303BD-RjUL20211209075936.0161005s1967 xxu||||| |||| 00| 0 eng d a(BD-RjUL)53423 aBD-RjULbengcBD-RjULdBD-RjUL aeng 223a541.3884bCHP 1967 aChase, Grafton D 10aPrinciples of radioistope methodology /cGrafton D Chase and Joseph L Rabinowitz a3rd. ed. aMinneapolis :bBurgess ppublishing company,c1967 ax, 633 p. :bill. ;c26 cm. aIncludes Index aRadioisotopes aRadiochemical laboratories. aRabinowitz, Joseph L